| 000 | 01108naa a22002777u 4500 | ||
|---|---|---|---|
| 001 | 06795 | ||
| 003 | HDC | ||
| 007 | cr cn ---aaaaa | ||
| 008 | 210124p2007 my ||||| |||| 00| 0 eng d | ||
| 040 | _aHDC | ||
| 110 | _aHalal Products Research Institute | ||
| 245 | 0 |
_aInfo Halal - Special Edition 2007 / _cHalal Products Research Institute |
|
| 260 |
_aSerdang, Selangor : _bInstitut Penyelidikan Produk Halal, UPM , _c2007 |
||
| 300 | _a1 online resource ( 4 pages) | ||
| 336 |
_atext _2rdacontent |
||
| 337 |
_acomputer _2rdamedia |
||
| 338 |
_aonline resource _2rdacarrier |
||
| 650 |
_aHalal products _9642 |
||
| 650 |
_aIslamic authorities _97242 |
||
| 710 | _aUniversiti Putra Malaysia | ||
| 856 | _zRequest full-text at [email protected] | ||
| 856 | _zRequest full-text at [email protected] | ||
| 942 | _2lcc | ||
| 942 | _cAR | ||
| 942 | _kEMAG 000294 | ||
| 999 |
_c4119 _d4119 |
||